Invitation to reading : book two
Saved in:
| Main Author: | |
|---|---|
| Other Authors: | , |
| Format: | Book |
| Language: | English |
| Published: |
New York :
Harcourt-Brace,
1944
|
| Subjects: | |
| Tags: |
Add Tag
No Tags, Be the first to tag this record!
|
MARC
| LEADER | 00000cam a2200000 i 4500 | ||
|---|---|---|---|
| 001 | 1/52265 | ||
| 008 | 040319s1944 eng d | ||
| 035 | |l 10072890 | ||
| 040 | |a GR-MY-UA |b gre |e aacr | ||
| 041 | 0 | |a eng | |
| 082 | 0 | |a 372.6 | |
| 100 | 1 | |a Smith, Elmer R. |q (Elmer Richard), |d 1909-1960. | |
| 245 | 1 | 0 | |a Invitation to reading : |b book two / |c edited by Elmer R. Smith, Marion Edman, Georgia E. Miller |
| 260 | |a New York : |b Harcourt-Brace, |c 1944 | ||
| 300 | |a 534 p. | ||
| 650 | 0 | 0 | |a Readers (Elementary) |
| 650 | 0 | 0 | |a Readers |x Fiction. |
| 700 | 1 | |a Edman, Marion. | |
| 700 | 1 | |a Miller, Georgia. | |
| 852 | |a INST |b RHODES |c AKA |e 20040319 |h 372.6 SMI |p 005400019276 |q 005400019276 |t BK |y 0 | ||
| 901 | |a BIBL4-2004-1 | ||
| 909 | |a Ρ |b 109248 | ||
| 970 | |a ΚΟΥΛΑΚΙΟΤΗ |b ΛΙΤΣΑ |z 2004/03/19 | ||